000 00256nam a2200097Ia 4500
005 20251222114349.0
008 251222s1900||||xx |||||||||||||| ||spa||
082 _aDVD0170/C72/2001
245 0 _aEl hombre que nunca estuvo:The Man Who Wasn't There
942 _cDVD
999 _c1156
_d1156